| 000 | 00725cam a2200253Ia 4500 | ||
|---|---|---|---|
| 001 | 43544 | ||
| 005 | 20230411085957.0 | ||
| 008 | 810216s1969 nyuc 000 0 eng d | ||
| 035 | _a(OCoLC)ocm07128668 | ||
| 040 |
_aIBS _cIBS _dOCL |
||
| 035 | _a(OCoLC)7128668 | ||
| 041 | 1 |
_aeng _hfre |
|
| 090 |
_aJC474 _b.R3 M271 m1969 |
||
| 049 | _aGRAL | ||
| 100 | 1 |
_aMandel, Ernest, _d1923-1995. |
|
| 245 | 1 | 4 |
_aThe Marxist theory of the state / _cErnest Mandel. |
| 260 |
_aNew York : _bMerit Publishers, _cc1969. |
||
| 300 |
_a31 p. : _bport. ; _c22 cm. |
||
| 500 | _a"Translated from the French by Ruth Porter."--Verso of t.p. | ||
| 650 | 0 | _aCommunist state. | |
| 942 |
_2lcc _cbk |
||
| 946 | _aclperez | ||
| 994 |
_aC0 _bDRFGD |
||
| 999 |
_c110338 _d110338 |
||